[Event "2BLN 1718 FC St. Pauli - SC Kreuzberg"]
[Site "?"]
[Date "2017.12.10"]
[Round "4.4"]
[White "Voigt, Martin"]
[Black "Figura, Atila Gajo"]
[Result "1/2-1/2"]
[WhiteElo "2336"]
[BlackElo "2376"]
[PlyCount "121"]
[EventDate "2017.??.??"]

1. e4 g6 2. d4 Bg7 3. Nc3 d6 4. f4 a6 5. a4 Nc6 6. Be3 Nf6 7. Nf3 O-O 8. d5 Nb4
9. Qd2 c5 10. dxc6 bxc6 11. Bc4 d5 12. exd5 cxd5 13. Bb3 a5 14. O-O Ba6 15.
Rfe1 Rb8 16. Bc5 Re8 17. Ne5 e6 18. Kh1 Nd7 19. Bd4 f6 20. Nf3 Kh8 21. Nb5 Bxb5
22. axb5 Rxb5 23. Ba4 Rb7 24. c3 Na6 25. b4 Qc8 26. Bxd7 Qxd7 27. Rxa5 Nb8 28.
Ra8 Nc6 29. Rxe8+ Qxe8 30. Bc5 Rd7 31. b5 Na5 32. Qe2 f5 33. Bd4 Re7 34. Bxg7+
Kxg7 35. Nd4 Nc4 36. Qd3 Nd6 37. Nc6 Rb7 38. c4 Nxc4 39. Qd4+ Kf7 40. Qc5 h6
41. Nd4 Re7 42. Ra1 Rd7 43. Ra6 e5 44. Qc6 Kg7 45. Ra8 Qxa8 46. Qxa8 exd4 47.
Qa1 Kf7 48. Qxd4 Ke6 49. Kg1 Rc7 50. Kf2 Rb7 51. Qc5 Nd6 52. Qd4 Ne4+ 53. Ke3
Rxb5 54. Qe5+ Kf7 55. Qc7+ Ke6 56. Qg7 Rb3+ 57. Ke2 Nc3+ 58. Kd2 Ne4+ 59. Kc2
Rc3+ 60. Kb2 Rc6 61. Qe5+ 1/2-1/2

[Event "2BLN 1718 FC St. Pauli - SC Kreuzberg"]
[Site "?"]
[Date "2017.12.10"]
[Round "4.5"]
[White "Thesing, Matthias"]
[Black "Krause, Jonah"]
[Result "1/2-1/2"]
[WhiteElo "2316"]
[BlackElo "2368"]
[PlyCount "59"]
[EventDate "2017.??.??"]

1. e4 c5 2. Nc3 e6 3. f4 Nc6 4. Nf3 d5 5. Bb5 Nge7 6. exd5 exd5 7. Qe2 f6 8.
Bxc6+ bxc6 9. b3 Kf7 10. Ba3 Nf5 11. O-O Bd6 12. Rae1 Nd4 13. Nxd4 cxd4 14.
Bxd6 Qxd6 15. Na4 Bf5 16. Qa6 Qc7 17. Nc5 Rhe8 18. Qa4 Bxc2 19. Qxd4 Bf5 20.
Re3 Rxe3 21. dxe3 Re8 22. Re1 Re7 23. Kf2 h6 24. Kg1 Qa5 25. a4 Qb6 26. h3 h5
27. Kh2 a5 28. Kg3 Qb8 29. Kh2 Qb6 30. Kg3 {(=)} 1/2-1/2

[Event "2BLN 1718 FC St. Pauli - SC Kreuzberg"]
[Site "?"]
[Date "2017.12.10"]
[Round "4.6"]
[White "Jahncke, Giso"]
[Black "Moritz, Aron"]
[Result "1-0"]
[WhiteElo "2403"]
[BlackElo "2202"]
[PlyCount "123"]
[EventDate "2017.??.??"]

1. Nf3 Nf6 2. c4 g6 3. Nc3 Bg7 4. e4 d6 5. d4 O-O 6. Be2 Na6 7. O-O e5 8. Be3
Ng4 9. Bg5 f6 10. Bc1 c6 11. h3 Nh6 12. c5 exd4 13. Bxa6 dxc3 14. Bc4+ Nf7 15.
cxd6 cxb2 16. Bxb2 b5 17. Bb3 a5 18. e5 a4 19. Bxf7+ Rxf7 20. Nd4 fxe5 21. Nxc6
Qe8 22. Ne7+ Kh8 23. Qd5 Bd7 24. Bxe5 Rd8 25. Rae1 Qf8 26. f4 Rb8 27. Nc6 Rb6
28. Nb4 h5 29. Qd4 Rb8 30. Na6 Rd8 31. Nc5 Bf5 32. Qd5 Kh7 33. Rc1 Bh6 34. Qd4
Qe8 35. Rfe1 Qf8 36. Ne4 Rdd7 37. Nf6+ Rxf6 38. Bxf6 Rxd6 39. Rc7+ Kg8 40. Re8
Rxd4 41. Rxf8+ Kxf8 42. Bxd4 Bxf4 43. Rb7 Bd3 44. Bc5+ Ke8 45. Kf2 Kd8 46. Rh7
Kc8 47. a3 Bd2 48. Kf3 Bc1 49. Bb4 Bg5 50. g3 Bc1 51. h4 Kd8 52. Rf7 Kc8 53.
Rh7 Kd8 54. Bd6 Ke8 55. Re7+ Kd8 56. Re1 Bh6 57. Bf4 Bxf4 58. Kxf4 Kc7 59. Ke3
Bf5 60. Kd4 Kd6 61. Re8 Be6 62. Rf8 1-0

[Event "2BLN 1718 FC St. Pauli - SC Kreuzberg"]
[Site "?"]
[Date "2017.12.10"]
[Round "4.7"]
[White "Glienke, Manfred"]
[Black "Pajeken, Wolfgang"]
[Result "1/2-1/2"]
[WhiteElo "2251"]
[BlackElo "2204"]
[PlyCount "50"]
[EventDate "2017.??.??"]

1. c4 c5 2. Nc3 Nc6 3. g3 g6 4. Bg2 Bg7 5. Nf3 Nh6 6. O-O Nf5 7. d3 b6 8. a3
Bb7 9. Rb1 O-O 10. Ne4 d6 11. b4 Qc7 12. e3 Ne5 13. Nxe5 Bxe5 14. Qb3 Rad8 15.
Bb2 Bxb2 16. Rxb2 Ng7 17. f4 Ba8 18. Nc3 Bxg2 19. Rxg2 e6 20. g4 f5 21. h3 Qe7
22. g5 Nh5 23. Kh2 Rf7 24. Rd1 Qb7 25. Rf2 Qc6 {(=)} 1/2-1/2

[Event "2BLN 1718 FC St. Pauli - SC Kreuzberg"]
[Site "?"]
[Date "2017.12.10"]
[Round "4.8"]
[White "Perez de Miguel, Alvaro"]
[Black "Dyballa, Markus"]
[Result "1-0"]
[WhiteElo "2261"]
[BlackElo "2234"]
[PlyCount "101"]
[EventDate "2017.??.??"]

1. d4 Nf6 2. c4 e6 3. Nf3 Bb4+ 4. Nbd2 d5 5. e3 O-O 6. Bd3 b6 7. O-O Bb7 8. a3
Be7 9. Qc2 Nbd7 10. Ne5 c5 11. Nxd7 Qxd7 12. dxc5 dxc4 13. Nxc4 Qd5 14. f3 Rfd8
15. Rd1 Qxc5 16. Bd2 Qh5 17. Bb4 Bxb4 18. axb4 Nd5 19. Qb3 Qg5 20. Bf1 Qe7 21.
b5 e5 22. Qa3 Qg5 23. Rd3 h5 24. Nd6 Qe7 25. Nxb7 Qxb7 26. Rad1 Rd7 27. e4 Nf6
28. Rxd7 Nxd7 29. Qe7 Nc5 30. Qxe5 g6 31. Bc4 Rf8 32. Rd6 Kh7 33. Qf6 Qc7 34.
b3 Nb7 35. Rc6 Qd7 36. Bd5 Nd8 37. Qd6 Qe8 38. Rc8 Rh8 39. Qc7 h4 40. Qxa7 Qe5
41. h3 Qd4+ 42. Kh1 Qf6 43. Rb8 g5 44. Qxb6 Qa1+ 45. Qg1 Qe5 46. Ra8 Ne6 47.
Rxh8+ Kxh8 48. Bxe6 fxe6 49. b6 Kh7 50. Qc1 Kg6 51. Qc7 1-0

[Event "2.BLN 1718 SF Berlin - Hamburger SK"]
[Site "?"]
[Date "2017.10.07"]
[Round "5.1"]
[White "Colpe, Malte"]
[Black "Abel, Dennes"]
[Result "0-1"]
[WhiteElo "2411"]
[BlackElo "2458"]
[PlyCount "65"]
[EventDate "2017.??.??"]

1. d4 Nf6 2. c4 e6 3. Nf3 d5 4. e3 Be7 5. Nc3 O-O 6. Bd3 dxc4 7. Bxc4 a6 8. a4
c5 9. O-O Nc6 10. Re1 b6 11. d5 exd5 12. Nxd5 Bg4 13. h3 Bxf3 14. Qxf3 Ne5 15.
Nxe7+ Qxe7 16. Qe2 b5 17. Ba2 c4 18. Bb1 b4 19. e4 Rad8 20. Bg5 h6 21. Bf4 Rd4
22. Be3 Rd7 23. f3 a5 24. Qf2 Rc8 25. Bb6 g5 26. Bxa5 Nh5 27. g3 Rd2 28. Qe3
Rxb2 29. Ba2 Qf6 30. Rf1 Nxg3 31. Rf2 Rxf2 32. Kxf2 Nd3+ 33. Qxd3 0-1

[Event "2.BLN 1718 SF Berlin - Hamburger SK"]
[Site "?"]
[Date "2017.10.07"]
[Round "5.2"]
[White "Lauber, Arnd"]
[Black "Engel, Luis"]
[Result "1-0"]
[WhiteElo "2423"]
[BlackElo "2363"]
[PlyCount "53"]
[EventDate "2017.??.??"]

1. d4 Nf6 2. c4 g6 3. Nc3 d5 4. cxd5 Nxd5 5. e4 Nxc3 6. bxc3 Bg7 7. Bc4 c5 8.
Ne2 Nc6 9. Be3 O-O 10. O-O Bg4 11. f3 Bd7 12. Rb1 Qc7 13. d5 Ne5 14. Bb3 b5 15.
f4 Nc4 16. Bxc4 bxc4 17. Ng3 Bxc3 18. e5 Bb4 19. Qc1 c3 20. a3 Ba5 21. d6 exd6
22. f5 dxe5 23. f6 Rfb8 24. Bd4 Qd8 25. Rxb8 Rxb8 26. Bxe5 Rb7 27. Bd6 1-0

[Event "2.BLN 1718 SF Berlin - Hamburger SK"]
[Site "?"]
[Date "2017.10.07"]
[Round "5.3"]
[White "Bracker, Frank"]
[Black "Polzin, Rainer"]
[Result "1-0"]
[WhiteElo "2392"]
[BlackElo "2396"]
[PlyCount "77"]
[EventDate "2017.??.??"]

1. e4 g6 2. d4 Bg7 3. Nf3 d6 4. Bc4 Nf6 5. Qe2 Nc6 6. e5 dxe5 7. dxe5 Ng4 8. e6
f5 9. h3 Nge5 10. Nxe5 Nxe5 11. Bb3 O-O 12. O-O f4 13. Qe4 g5 14. Nc3 c6 15.
Bd2 Qe8 16. f3 b6 17. Be1 Ba6 18. Rf2 Kh8 19. Rd1 Rd8 20. Rxd8 Qxd8 21. Rd2 Qc7
22. h4 gxh4 23. Bxh4 Bc8 24. Bf2 Ng6 25. Ne2 Qe5 26. Qxc6 Qxb2 27. Rd1 Ba6 28.
Nd4 Bf6 29. Qc7 Rg8 30. Nf5 Qe5 31. Qxe5 Nxe5 32. Nh6 Rc8 33. Rd7 Bb5 34. Rxa7
Nc6 35. Rb7 Nd4 36. Nf7+ Kg8 37. Rxb6 Bc4 38. Nh6+ Kg7 39. Ng4 {(Zeit)} 1-0

[Event "2.BLN 1718 SF Berlin - Hamburger SK"]
[Site "?"]
[Date "2017.10.07"]
[Round "5.4"]
[White "Ahmadinia, Ebrahim"]
[Black "Meissner, Felix"]
[Result "1-0"]
[WhiteElo "2400"]
[BlackElo "2339"]
[PlyCount "91"]
[EventDate "2017.??.??"]

1. e4 c5 2. Nf3 d6 3. Bb5+ Nd7 4. d4 cxd4 5. Qxd4 a6 6. Bxd7+ Bxd7 7. c4 Nf6 8.
Bg5 e6 9. Nc3 Be7 10. O-O h6 11. Bxf6 gxf6 12. Rad1 Qc7 13. b3 O-O-O 14. b4 Kb8
15. Qd3 Rhg8 16. Rb1 Rc8 17. Nd2 b5 18. Rfc1 bxc4 19. Qe2 f5 20. b5 a5 21. exf5
d5 22. Nf3 Bf6 23. Qe3 Rg4 24. Qxh6 Bg7 25. Qh5 Rf4 26. Ne2 Rxf5 27. Qh7 Be5
28. b6 Qd6 29. Ng3 Rf4 30. Qc2 Bh8 31. Ne2 Rxf3 32. gxf3 Kb7 33. Qd2 Qc5 34.
Qf4 f5 35. Qh4 Rg8+ 36. Kf1 Be5 37. f4 Rh8 38. Qg5 Bb8 39. Qg7 Rd8 40. Rc3 Ka6
41. Rh3 Qf8 42. Qd4 Kb7 43. Qc3 Bc6 44. Nd4 Bd7 45. Qxa5 Qg7 46. Ra3 1-0

[Event "2.BLN 1718 SF Berlin - Hamburger SK"]
[Site "?"]
[Date "2017.10.07"]
[Round "5.5"]
[White "Uksini, Bardhyl"]
[Black "Rudolf, Henrik"]
[Result "0-1"]
[WhiteElo "2362"]
[BlackElo "2321"]
[PlyCount "84"]
[EventDate "2017.??.??"]

1. d4 Nf6 2. c4 g6 3. Nc3 Bg7 4. e4 d6 5. f4 O-O 6. Nf3 c5 7. d5 e6 8. Be2 exd5
9. cxd5 Re8 10. e5 dxe5 11. fxe5 Ng4 12. e6 fxe6 13. d6 Bd7 14. O-O Nc6 15. Kh1
Rf8 16. Ne4 Qb6 17. Bg5 Nf6 18. Ned2 Na5 19. Nc4 Nxc4 20. Bxc4 Ne4 21. Be7 Qxb2
22. Bxf8 Rxf8 23. Rb1 Nf2+ 24. Rxf2 Qxf2 25. Rxb7 Bc6 26. Rc7 Bxf3 27. gxf3 Be5
28. Qe2 Qxe2 29. Bxe2 Bxd6 30. Rxa7 Rf4 31. a4 Rh4 32. Kg1 Bxh2+ 33. Kg2 Be5
34. a5 Ra4 35. a6 c4 36. Re7 Ra2 37. Kf1 c3 38. Re8+ Kf7 39. Rc8 Kf6 40. Bd3
Bd4 41. Rc4 e5 42. Rc7 Kg5 0-1

[Event "2.BLN 1718 SF Berlin - Hamburger SK"]
[Site "?"]
[Date "2017.10.07"]
[Round "5.6"]
[White "Chatzidakis, Mihail"]
[Black "Fuchs, Judith"]
[Result "1-0"]
[WhiteElo "2314"]
[BlackElo "2326"]
[PlyCount "133"]
[EventDate "2017.??.??"]

1. e4 c5 2. Nf3 d6 3. d4 cxd4 4. Nxd4 Nf6 5. Nc3 Nc6 6. Be2 e5 7. Nf3 h6 8. O-O
Be7 9. Re1 O-O 10. h3 a6 11. Bf1 b5 12. a4 b4 13. Nb1 Bb7 14. Nbd2 Rc8 15. b3
Na5 16. Bb2 Rc7 17. Bd3 Qa8 18. Qe2 Rfc8 19. Rac1 Qa7 20. Nf1 Bd8 21. Ng3 Rd7
22. Nd2 Bb6 23. Nc4 Nxc4 24. Bxc4 h5 25. Bd3 g6 26. Rcd1 Kg7 27. Rf1 Qa8 28.
Qd2 Kh7 29. Bc1 Rh8 30. Qg5 Bd8 31. Bc4 Ng8 32. Qd2 h4 33. Nh1 Bxe4 34. f3 Bf5
35. Qxb4 Bxc2 36. Rde1 Qc6 37. Nf2 Bf5 38. Qd2 Kg7 39. Ng4 Bxg4 40. fxg4 f6 41.
Qd3 Ra7 42. Kh1 a5 43. Bb5 Qc7 44. Ba3 Be7 45. Be8 Rh6 46. g5 fxg5 47. Rf7+ Kh8
48. Bxd6 Qxd6 49. Qxd6 Bxd6 50. Rxa7 g4 51. Rd1 g5 52. Ra6 Bb4 53. Rxh6+ Nxh6
54. Rd5 Kg7 55. Rxe5 Kf6 56. Rb5 Nf5 57. hxg4 Nd4 58. Rxb4 axb4 59. a5 Ne6 60.
a6 Nc7 61. a7 Ke5 62. Bc6 Kf4 63. a8=Q Nxa8 64. Bxa8 Kg3 65. Kg1 Kxg4 66. Kf2
Kf4 67. Ke2 1-0

[Event "2.BLN 1718 SF Berlin - Hamburger SK"]
[Site "?"]
[Date "2017.10.07"]
[Round "5.7"]
[White "Baciu, Diana"]
[Black "Florstedt, Johannes"]
[Result "0-1"]
[WhiteElo "2293"]
[BlackElo "2243"]
[PlyCount "112"]
[EventDate "2017.??.??"]

1. e4 e5 2. Nf3 Nc6 3. Bc4 Nf6 4. d3 Bc5 5. c3 d6 6. Bb3 h6 7. Nbd2 a5 8. h3
Be6 9. Ba4 O-O 10. Nf1 Rb8 11. Bxc6 bxc6 12. Ng3 Re8 13. O-O Bb6 14. d4 exd4
15. Nxd4 Bd7 16. Re1 Nh7 17. Ndf5 Bxf5 18. Nxf5 Re6 19. Rb1 Qe8 20. Qg4 Rg6 21.
Qh4 Ng5 22. Kh2 Kh7 23. Bd2 Qe6 24. Bxg5 Rxg5 25. f4 Rg6 26. g4 Qxa2 27. Ne7
Be3 28. Nxg6 fxg6 29. Qg3 Rxb2+ 30. Rxb2 Qxb2+ 31. Kh1 Bd2 32. Rf1 Bxc3 33. e5
dxe5 34. f5 Qe2 35. fxg6+ Kxg6 36. Ra1 Bd4 37. Re1 Qd2 38. Rf1 Qe3 39. Qg2 c5
40. Qc2+ e4 41. Qg2 a4 42. h4 a3 43. h5+ Kg5 44. Qh2 a2 45. Rf5+ Kxg4 46. Rf4+
Qxf4 47. Qh3+ Kg5 48. Qg3+ Kf5 49. Qg6+ Ke5 50. Qxg7+ Qf6 51. Qxc7+ Qd6 52.
Qg7+ Kd5 53. Qg8+ Qe6 54. Qa8+ Ke5 55. Qb8+ Kf5 56. Qf8+ Kg4 0-1

[Event "2.BLN 1718 SF Berlin - Hamburger SK"]
[Site "?"]
[Date "2017.10.07"]
[Round "5.8"]
[White "Lundin, Jan"]
[Black "Doberitz, Paul"]
[Result "0-1"]
[WhiteElo "2283"]
[BlackElo "2205"]
[PlyCount "70"]
[EventDate "2017.??.??"]

1. e4 c5 2. c3 d5 3. exd5 Qxd5 4. d4 Nc6 5. Nf3 Nf6 6. Be2 e6 7. O-O cxd4 8.
Nxd4 Nxd4 9. cxd4 Qd6 10. Bf3 Be7 11. b3 O-O 12. Ba3 Qd7 13. Qc2 Bxa3 14. Nxa3
Qxd4 15. Nc4 Qf4 16. Qd1 e5 17. g3 Qf5 18. Nd6 Qe6 19. Nxc8 e4 20. Re1 Raxc8
21. Qd4 Rfe8 22. Qxa7 b6 23. Qa4 Qf5 24. Be2 h5 25. Qd4 h4 26. Rac1 hxg3 27.
hxg3 e3 28. fxe3 Ne4 29. Rf1 Rxc1 30. Bd1 Qg5 31. g4 Qe5 32. Qd7 Rc7 33. Qa4
Re6 34. Bf3 Qg3+ 35. Bg2 Qxe3+ 0-1

[Event "2BLN 1718 SK Koenig Tegel - SV Werder B"]
[Site "?"]
[Date "2017.11.11"]
[Round "5.1"]
[White "Werle, Jan"]
[Black "Stern, Rene"]
[Result "1/2-1/2"]
[WhiteElo "2526"]
[BlackElo "2522"]
[PlyCount "49"]
[EventDate "2017.??.??"]

1. d4 d5 2. c4 e6 3. Nc3 Nf6 4. Nf3 Nbd7 5. cxd5 exd5 6. Bg5 c6 7. e3 h6 8. Bh4
Be7 9. Qc2 Nh5 10. Bxe7 Qxe7 11. O-O-O Nb6 12. Bd3 Nf6 13. Kb1 Be6 14. Nd2
O-O-O 15. Nb3 Kb8 16. Nc5 Nfd7 17. b4 Nc4 18. Bxc4 dxc4 19. Ka1 f5 20. Rhe1
Nxc5 21. bxc5 Qf6 22. Rb1 Rhe8 23. Rb2 Re7 24. Reb1 Bc8 25. Rd1 1/2-1/2

[Event "2BLN 1718 SK Koenig Tegel - SV Werder B"]
[Site "?"]
[Date "2017.11.11"]
[Round "5.2"]
[White "Rabiega, Robert"]
[Black "Zumsande, Martin"]
[Result "1-0"]
[WhiteElo "2516"]
[BlackElo "2471"]
[PlyCount "81"]
[EventDate "2017.??.??"]

1. e4 e6 2. d4 d5 3. Nc3 Nf6 4. exd5 exd5 5. Bg5 Be7 6. Qd2 O-O 7. O-O-O c6 8.
h4 Nbd7 9. f3 b5 10. Re1 Re8 11. Nge2 b4 12. Nd1 a5 13. Ng3 a4 14. Nf5 Bf8 15.
Rxe8 Qxe8 16. Bd3 Qd8 17. Re1 c5 18. Bb5 Qb6 19. Bxd7 Bxd7 20. Ne7+ Bxe7 21.
Rxe7 b3 22. a3 Qd6 23. Re5 bxc2 24. Nc3 Bc6 25. Bxf6 gxf6 26. Qh6 Rd8 27. Rh5
cxd4 28. Ne2 Qe6 29. Nxd4 Qe1+ 30. Kxc2 Be8 31. Qxf6 Rc8+ 32. Kd3 Bb5+ 33. Nxb5
Qd1+ 34. Ke3 Re8+ 35. Kf4 Qc1+ 36. Kg3 Qe1+ 37. Kh2 Re6 38. Rg5+ Kf8 39. Qd8+
Re8 40. Qd6+ Re7 41. Qh6+ 1-0

[Event "2BLN 1718 SK Koenig Tegel - SV Werder B"]
[Site "?"]
[Date "2017.11.11"]
[Round "5.3"]
[White "Meins, Gerlef"]
[Black "Richter, Michael"]
[Result "1/2-1/2"]
[WhiteElo "2410"]
[BlackElo "2498"]
[PlyCount "91"]
[EventDate "2017.??.??"]

1. d4 e6 2. c4 d5 3. Nf3 c6 4. Qc2 dxc4 5. Qxc4 Nf6 6. g3 b5 7. Qc2 Bb7 8. Bg2
Nbd7 9. O-O c5 10. a4 cxd4 11. Nxd4 Bxg2 12. Kxg2 Rc8 13. Qd3 b4 14. Nd2 Be7
15. N2b3 O-O 16. Bg5 Nc5 17. Qf3 h6 18. Bxf6 Bxf6 19. Rfd1 Nxb3 20. Nxb3 Qb6
21. Rd2 Rfd8 22. a5 Qb5 23. Rad1 Rxd2 24. Rxd2 a6 25. Qe4 g6 26. Rc2 Rxc2 27.
Qxc2 Kg7 28. e4 Qe5 29. Nc5 g5 30. Nxa6 Qxa5 31. Nc5 Bd4 32. Nb3 Qb6 33. Qd2 e5
34. h3 Qf6 35. Nc1 Qc6 36. f3 Ba7 37. Nd3 b3 38. Kf1 Qb6 39. Nf2 Qa6+ 40. Nd3
Bd4 41. Ke2 Qe6 42. g4 Qa6 43. Qd1 Qa2 44. Qc1 Qa6 45. Qd1 Qa2 46. Qc1 1/2-1/2

[Event "2BLN 1718 SK Koenig Tegel - SV Werder B"]
[Site "?"]
[Date "2017.11.11"]
[Round "5.4"]
[White "Moreno Tejera, Emilio"]
[Black "Joachim, Sven"]
[Result "1-0"]
[WhiteElo "2433"]
[BlackElo "2395"]
[PlyCount "103"]
[EventDate "2017.??.??"]

1. e4 e5 2. Nf3 Nc6 3. Bc4 Nf6 4. d3 Be7 5. O-O O-O 6. Re1 d6 7. c3 Na5 8. Bb5
a6 9. Ba4 c5 10. Nbd2 b5 11. Bc2 Nc6 12. a4 Be6 13. Bb3 Qd7 14. Ng5 Bxb3 15.
Qxb3 Rab8 16. axb5 axb5 17. Ngf3 Rfd8 18. Nf1 b4 19. Qc2 d5 20. Ra6 Qb7 21. Qa4
Ra8 22. Rxa8 Rxa8 23. Qc2 dxe4 24. dxe4 Qb5 25. Bg5 b3 26. Qe2 Qxe2 27. Rxe2
Ra1 28. g3 Rb1 29. Kg2 h6 30. Bxf6 Bxf6 31. Ne3 Na5 32. Rd2 Kf8 33. g4 Bg5 34.
Nxg5 hxg5 35. Rd8+ Ke7 36. Ra8 Nc6 37. Nc4 Re1 38. Kf3 Rh1 39. Ra3 Rxh2 40. Ne3
Nd8 41. Rxb3 Ne6 42. Nd5+ Kd6 43. Rb6+ Kd7 44. Rb7+ Kd6 45. Rxf7 Rh1 46. Ra7
Rb1 47. Ne3 Nf4 48. Rxg7 Ke6 49. Rxg5 Rh1 50. Rxe5+ Kxe5 51. Nc4+ Kf6 52. Kxf4
1-0

[Event "2BLN 1718 SK Koenig Tegel - SV Werder B"]
[Site "?"]
[Date "2017.11.11"]
[Round "5.5"]
[White "Richter, Christian"]
[Black "Muse, Mladen"]
[Result "1/2-1/2"]
[WhiteElo "2352"]
[BlackElo "2391"]
[PlyCount "43"]
[EventDate "2017.??.??"]

1. d4 Nf6 2. Nf3 e6 3. c4 b6 4. g3 Bb7 5. Bg2 Be7 6. O-O O-O 7. Re1 d5 8. cxd5
exd5 9. Nc3 Ne4 10. Qc2 Nxc3 11. bxc3 Nc6 12. e4 dxe4 13. Qxe4 Bf6 14. Bf4 Na5
15. Qc2 Bd5 16. Re2 Rc8 17. Rd1 Re8 18. Rxe8+ Qxe8 19. Re1 Qd7 20. Be5 Be7 21.
Bf4 Bf6 22. Be5 1/2-1/2

[Event "2BLN 1718 SK Koenig Tegel - SV Werder B"]
[Site "?"]
[Date "2017.11.11"]
[Round "5.6"]
[White "Bruedigam, Martin"]
[Black "Grigorian, Spartak"]
[Result "1-0"]
[WhiteElo "2402"]
[BlackElo "2352"]
[PlyCount "73"]
[EventDate "2017.??.??"]

1. e4 c5 2. Nf3 d6 3. Bb5+ Nd7 4. d4 cxd4 5. Qxd4 a6 6. Bxd7+ Qxd7 7. O-O e5 8.
Qd3 Qc6 9. c4 Be6 10. b3 b5 11. cxb5 axb5 12. Bg5 h6 13. Rc1 Qb7 14. Bd2 b4 15.
a3 bxa3 16. Nxa3 Qxb3 17. Rc3 Qa4 18. Rb1 f5 19. exf5 e4 20. Qe3 Bxf5 21. Nd4
Bg6 22. Nab5 Qa2 23. Rbc1 Nf6 24. R3c2 Qa4 25. Rc4 Qa2 26. Qh3 Be7 27. R4c2 O-O
28. Rxa2 Rxa2 29. Nc6 Bd8 30. Be3 Nd5 31. Nxd8 Rxd8 32. Qe6+ Bf7 33. Qxe4 Re8
34. Qd3 Nxe3 35. fxe3 Rb8 36. Nxd6 Be6 37. Qe4 1-0

[Event "2BLN 1718 SK Koenig Tegel - SV Werder B"]
[Site "?"]
[Date "2017.11.11"]
[Round "5.7"]
[White "Charmeteau, Sven"]
[Black "Fruebing, Stefan"]
[Result "1/2-1/2"]
[WhiteElo "2323"]
[BlackElo "2414"]
[PlyCount "125"]
[EventDate "2017.??.??"]

1. e4 c5 2. Nf3 Nc6 3. d4 cxd4 4. Nxd4 g6 5. Nc3 Bg7 6. Be3 Nf6 7. Bc4 O-O 8.
Bb3 a5 9. f3 d5 10. exd5 Nb4 11. Nde2 a4 12. Nxa4 Nfxd5 13. Bf2 b5 14. Nb6 Nxb6
15. Qxd8 Rxd8 16. Bxb6 Rd7 17. Rb1 Bb7 18. a3 Nd5 19. Bf2 b4 20. axb4 Nxb4 21.
Bc5 Na6 22. Be3 Nb4 23. O-O Ba6 24. Rfe1 Rc8 25. Nc3 Bxc3 26. bxc3 Rxc3 27. Ba4
Rb7 28. Bd2 Rc4 29. Bb3 Nxc2 30. Bxc4 Nxe1 31. Rxb7 Nxf3+ 32. gxf3 Bxb7 33. Kf2
Kg7 34. Bc3+ Kf8 35. Kg3 Bc8 36. Bd5 Bd7 37. Kf4 f6 38. Bb4 Ke8 39. Ke3 Bh3 40.
Bg8 e6 41. f4 Bf5 42. Kf2 h5 43. h4 Bg4 44. Ke3 Bf5 45. Bc5 Bg4 46. Kd4 Bf5 47.
Bd6 Kd7 48. Kc5 Bb1 49. Bf7 Bf5 50. Bf8 Bb1 51. Kd4 Bf5 52. Bb4 Bb1 53. Bg8 Bf5
54. Kc5 Be4 55. Kb6 Bf5 56. Ba3 Bg4 57. Bh7 Bf5 58. Bb4 Bc2 59. Kc5 Bf5 60. Bg8
Bg4 61. Ba3 Bf5 62. Bb4 Bg4 63. Ba3 1/2-1/2

[Event "2BLN 1718 SK Koenig Tegel - SV Werder B"]
[Site "?"]
[Date "2017.11.11"]
[Round "5.8"]
[White "Muse, Drazen"]
[Black "Mueller, Oliver"]
[Result "1/2-1/2"]
[WhiteElo "2356"]
[BlackElo "2247"]
[PlyCount "90"]
[EventDate "2017.??.??"]

1. d4 Nf6 2. Nf3 e6 3. e3 c5 4. Bd3 Nc6 5. O-O d5 6. b3 cxd4 7. exd4 Bd6 8. Bb2
Qc7 9. a3 O-O 10. Qe2 b6 11. Nbd2 Bb7 12. Ne5 Rac8 13. f4 Ne7 14. Rac1 Ng6 15.
g3 Qe7 16. Ra1 Qc7 17. Rf2 Ne7 18. Rc1 Nc6 19. g4 Qe7 20. Ra1 Rfd8 21. f5 exf5
22. Bxf5 Nxe5 23. dxe5 Bc5 24. Kf1 Bxf2 25. exf6 Qxe2+ 26. Kxe2 Bh4 27. Nf3
Bxf6 28. Bxf6 gxf6 29. Bxc8 Bxc8 30. Rd1 Kf8 31. Rd4 Re8+ 32. Kf2 Re4 33. h3 f5
34. gxf5 Bxf5 35. Rxd5 Bg6 36. c4 Re7 37. Nd4 Rc7 38. Nb5 Rb7 39. Nd6 Rd7 40.
b4 Bc2 41. Ke3 Ba4 42. Rd4 Re7+ 43. Kf4 Bd7 44. h4 Re1 45. Ne4 Ke7 1/2-1/2

[Event "2BLN 1718 SV Werder Bremen II - SF Berl"]
[Site "?"]
[Date "2017.12.09"]
[Round "6.1"]
[White "Polzin, Rainer"]
[Black "Zumsande, Martin"]
[Result "1/2-1/2"]
[WhiteElo "2404"]
[BlackElo "2460"]
[PlyCount "71"]
[EventDate "2017.??.??"]

1. e4 e6 2. d4 d5 3. Nc3 Nf6 4. Bg5 Bb4 5. e5 h6 6. Bc1 Ne4 7. Qg4 g6 8. a3
Bxc3+ 9. bxc3 c5 10. Bd3 Nxc3 11. dxc5 Qa5 12. Qb4 Qxb4 13. axb4 Nc6 14. Bd2 d4
15. Nf3 Nxb4 16. Nxd4 Nxd3+ 17. cxd3 Nd5 18. Nb5 Bd7 19. Nd6+ Ke7 20. Nxb7 Rhb8
21. Na5 Rb2 22. c6 Be8 23. Bxh6 Nb4 24. O-O Nxc6 25. Nc4 Rb3 26. Rfd1 a5 27.
Be3 Rb5 28. d4 a4 29. Bg5+ Kf8 30. Bc1 Kg7 31. Ba3 Rb3 32. Bc5 Nb4 33. Nd2 Rb2
34. Nc4 Rb3 35. Nd2 Rb2 36. Nc4 1/2-1/2

[Event "2BLN 1718 SV Werder Bremen II - SF Berl"]
[Site "?"]
[Date "2017.12.09"]
[Round "6.2"]
[White "Meins, Gerlef"]
[Black "Ahmadinia, Ebrahim"]
[Result "1/2-1/2"]
[WhiteElo "2416"]
[BlackElo "2414"]
[PlyCount "87"]
[EventDate "2017.??.??"]

1. d4 d5 2. c4 c6 3. Nf3 Nf6 4. Qc2 dxc4 5. Qxc4 Bg4 6. Nbd2 Nbd7 7. e3 Qc7 8.
Be2 e6 9. b3 Bd6 10. Bb2 O-O 11. h3 Bxf3 12. Nxf3 e5 13. O-O e4 14. Nd2 Rfe8
15. Qc2 Nb6 16. Nc4 Qe7 17. Nxd6 Qxd6 18. a4 Nbd5 19. Ba3 Qd7 20. Rfc1 a5 21.
Qd2 Qd8 22. b4 axb4 23. Bxb4 Nc7 24. Ba5 Qd7 25. Bxc7 Qxc7 26. a5 Ra7 27. a6
bxa6 28. Qc2 Re6 29. Bc4 Rd6 30. Bxa6 h6 31. Bc4 Qb7 32. Rxa7 Qxa7 33. Bb3 Qa3
34. Qc5 Qb2 35. Qxd6 Qxc1+ 36. Kh2 Qb2 37. Qd8+ Kh7 38. Bxf7 Qxf2 39. Qc8 h5
40. Qxc6 Ng4+ 41. hxg4 Qh4+ 42. Kg1 Qe1+ 43. Kh2 Qh4+ 44. Kg1 1/2-1/2

[Event "2BLN 1718 SV Werder Bremen II - SF Berl"]
[Site "?"]
[Date "2017.12.09"]
[Round "6.3"]
[White "Rudolf, Henrik"]
[Black "Richter, Christian"]
[Result "0-1"]
[WhiteElo "2330"]
[BlackElo "2357"]
[PlyCount "110"]
[EventDate "2017.??.??"]

1. e4 e5 2. Nf3 Nc6 3. Bb5 a6 4. Ba4 Nf6 5. O-O b5 6. Bb3 Be7 7. Re1 d6 8. c3
O-O 9. h3 Re8 10. d4 Bf8 11. Nbd2 h6 12. Nf1 Bd7 13. Ng3 Na5 14. Bc2 Nc4 15. b3
Nb6 16. Nh2 c5 17. f4 cxd4 18. cxd4 Qc7 19. Bd3 Qc3 20. Be3 exf4 21. Rc1 Qb4
22. Bxf4 Qxd4+ 23. Be3 Qe5 24. Qf3 Rab8 25. Qf2 Na8 26. Bd4 Qe7 27. Nf5 Bxf5
28. exf5 Qd8 29. Rxe8 Qxe8 30. Bxf6 gxf6 31. Ng4 Qd8 32. Qh4 Nb6 33. Nxh6+ Bxh6
34. Qxh6 Nd5 35. Be4 Qb6+ 36. Kh2 Qd4 37. Bxd5 Qe5+ 38. Kh1 Qxd5 39. Qxf6 Qd2
40. Rc3 Re8 41. Rg3+ Kf8 42. Qg7+ Ke7 43. h4 Qf2 44. f6+ Kd8 45. Kh2 Qf4 46.
Qg5 Qd4 47. Rg4 Qa1 48. a4 Re1 49. Qg8+ Kc7 50. Qxf7+ Kc6 51. axb5+ axb5 52.
Qg7 Rh1+ 53. Kg3 Qe1+ 54. Kf4 Qe5+ 55. Kf3 Rf1# 0-1

[Event "2BLN 1718 SV Werder Bremen II - SF Berl"]
[Site "?"]
[Date "2017.12.09"]
[Round "6.4"]
[White "Grigorian, Spartak"]
[Black "Nogly, Christoph"]
[Result "1/2-1/2"]
[WhiteElo "2344"]
[BlackElo "2262"]
[PlyCount "67"]
[EventDate "2017.??.??"]

1. c4 e6 2. Nc3 d5 3. d4 Nf6 4. Bg5 Nbd7 5. e3 h6 6. Bh4 Be7 7. Nf3 O-O 8. Rc1
a6 9. cxd5 exd5 10. Be2 c6 11. O-O Ne4 12. Bxe7 Qxe7 13. Nxe4 dxe4 14. Nd2 Nf6
15. Rc5 Be6 16. Qc2 Bd5 17. Rc3 Rfe8 18. a3 Rad8 19. Nc4 Bxc4 20. Rxc4 Rd5 21.
Rc1 Red8 22. Rc5 Rxc5 23. Qxc5 Qxc5 24. Rxc5 Nd5 25. Bc4 Kf8 26. Kf1 Ke7 27.
Ke2 Kd6 28. Ba2 b6 29. Rc1 a5 30. f3 Re8 31. Rf1 exf3+ 32. Rxf3 f6 33. Rg3 Re7
34. Bxd5 1/2-1/2